Viliam Pauliny-Tóth slovenský poslanec, v r. 1869-72

Bibliographic Details
Main Author: Bokes, František, 1906-1968 (Author)
Format: Book
Language:Slovak
PhysicalDescription:39, [i] s. 1 mapa 8°
Published: Turčiansky Sv. Martin Matica slovenská 1942
Series:Spisy Historického odboru Matice slovenskej
Subjects:

MARC

LEADER 00000cam a2200000 a 4500
001 vtls008365136
003 SK-MaSNL
005 20260302074556.0
008 250313s1942 xo 000 0bslo
015 |a SNBA19421945-019/0221 
035 |a SK01SNKBKSD220010057353 
035 |a urn:nbn:sk:snk-am3hlj6 
035 |a 8D78A81F-1DE1-4FFA-96E6-87E2EB29B690 
035 |a urn:nbn:sk:snk-am00d4m3 
035 |a SKM000059816 
040 |a SNK  |b slo  |c SNK  |e AACR2 
041 0 |a slo 
044 |a xo  |c SK 
080 |a 32-05  |2 1981 
080 |a 943.76  |2 1981 
080 |a 929 Pauliny-Tóth, Viliam  |2 1981 
100 1 |a Bokes, František,  |d 1906-1968  |4 aut  |9 103204 
245 1 0 |a Viliam Pauliny-Tóth  |b slovenský poslanec, v r. 1869-72  |c František Bokes 
260 |a Turčiansky Sv. Martin  |b Matica slovenská  |c 1942  |e Turčiansky Sv. Martin  |f Neografia 
300 |a 39, [i] s.  |b 1 mapa  |c 8° 
490 1 |a Spisy Historického odboru Matice slovenskej  |v sv. 2 
504 |a Bibliogr. odkazy 
563 |a Ks 8 
600 1 7 |a Pauliny-Tóth, Viliam,  |d 1826-1877  |2 SNKMA  |9 37125 
650 0 7 |a politici  |2 SNKPH  |9 2679 
655 7 |a biografie  |2 SNKPH  |9 27965 
752 |a Slovensko  |d Martin 
830 0 |a Spisy Historického odboru Matice slovenskej  |9 343973 
852 |a Slovenská národná knižnica 
958 |a RK 
958 |a TL 
958 |a BX 
958 |a NB 
958 |a OND 
999 |c 1165572  |d 1167502 
952 |a SNK  |b SNK  |y VYP  |7 0  |p 17A0039201  |o snkSC 3299/10 D3  |0 0  |1 0  |4 0  |d 1997-02-17  |l 0  |r 2005-01-02 00:00:00  |w 2026-02-24 
952 |a SNK  |b SNK  |y VYP  |7 0  |p 17A0105088  |o snkSC 3299/10 D2  |i snkF 5652/62  |8 5  |0 0  |1 0  |4 0  |d 1997-10-29  |l 0  |r 2005-01-02 00:00:00  |w 2026-02-24 
952 |a SNK  |b SNK  |y VYP  |7 0  |p 17A0454076  |o snkSC 3299/10 D1  |i snkXI. 783/55  |0 0  |1 0  |4 0  |d 2004-12-21  |l 1  |m 2  |r 2026-04-20 16:55:25  |s 2026-02-28  |w 2026-02-24 
952 |a SNK  |b SNK  |y PREZ  |7 0  |p 17A0755417  |o snkSC 3299/10  |i snk619/45  |0 0  |1 0  |4 0  |d 2011-11-29  |f 1  |l 0  |r 2025-06-25 00:00:00  |w 2026-02-24